Geography Quiz

Random Geography or Asia Quiz
Score 0/6 Timer 01:00
7 Plays Today
% Correct
China
96.3%
Pakistan
95.1%
Nepal
94.2%
Bangladesh
89.6%
Bhutan
85.7%
Myanmar
85.5%

You're not logged in!

Compare scores with friends on all Sporcle quizzes.
OR
Log In

Sporcle TV

Today on Sporcle TV


Watch our educational content, quiz creation guides, and fun videos on Sporcle TV.

Show Comments

Extras

Top Quizzes Today


Score Distribution

Paid Content

Your Account Isn't Verified!

In order to create a playlist on Sporcle, you need to verify the email address you used during registration. Go to your Sporcle Settings to finish the process.

Report this User

Report this user for behavior that violates our Community Guidelines.

Details: